00448nam a2200121Ia 4500008004100000041001200041082001200053100005000065245008900115260006600204300001000270536004600280211220s9999 xx 000 0 eng d aEnglish aRR.0307 aRamachandran, H.uBhoovigyan Vikas Foundation 0aManagement of droughts in India :bstrategies of people and state /cH. Ramachandran aNew Delhi :bIndian Council oF Social Science Research,c2013 a107p. aIndian Council of Social Science Research